| 000 | 00590nam a22001817a 4500 | ||
|---|---|---|---|
| 003 | OSt | ||
| 005 | 20251204083244.0 | ||
| 008 | 251204b |||||||| |||| 00| 0 eng d | ||
| 020 | _a971-91572-7-5. | ||
| 040 |
_aDWCL-Main lib _cOC |
||
| 082 |
_2Textbook ed. _aFil. 658.15 Y36 1998 |
||
| 100 | _aYbanez, Roy C. | ||
| 245 |
_aPhilippine corporate finance/ _cYbanez, Roy C. |
||
| 260 |
_aQuezon City : _bDevelopment Center for Finance, College of Business Adminatration, _cc1998. |
||
| 300 |
_a893 p. ; _c23 cm. |
||
| 650 | _aCorporations-Finance. | ||
| 942 |
_2ddc _cBK - FIL _eTextbook ed. _kFil. _n0 |
||
| 999 |
_c6877 _d6877 |
||